书目信息 |
| 题名: |
歌德抒情诗文本研读
|
|
| 作者: | 李惠敏 , 刘国利 , 赵昉 著 | |
| 分册: | ||
| 出版信息: | 北京 九州出版社 2020 |
|
| 页数: | 168页 | |
| 开本: | 24cm | |
| 丛书名: | ||
| 单 册: | ||
| 中图分类: | I516.072 , I516 | |
| 科图分类: | ||
| 主题词: | ||
| 电子资源: | ||
| ISBN: | 978-7-5108-9208-0 | |
| 000 | 01085nam0 2200253 450 | |
| 001 | 2367722167 | |
| 005 | 20231011184908.63 | |
| 010 | @a978-7-5108-9208-0@dCNY48.00 | |
| 100 | @a20210726d2020 em y0chiy50 ea | |
| 101 | 0 | @achi |
| 102 | @aCN@b110000 | |
| 105 | @ay z 000yy | |
| 200 | 1 | @a歌德抒情诗文本研读@Age de shu qing shi wen ben yan du@f李惠敏,刘国利,赵昉著 |
| 210 | @a北京@c九州出版社@d2020 | |
| 215 | @a168页@d24cm | |
| 330 | @a本书以欧洲文学的发展轨迹为基本思路,结合歌德的“泛神论”哲学思想和其在“狂飙突进运动”中的文学主张,以德国“古典文学”创作理念与审美为基本线索,对歌德在不同时期创作的抒情诗歌进行了较为细致的研读与分析。在继承和汲取前人研究成果的基础上,注意将作者的创作动机和文本相结合,努力走出一条既注重作者个人生活经历,也看重理论及思想体系的研究之路。 | |
| 600 | 0 | @a歌德@c(Goethe, Johann Wolfgang Von@f1749-1832)@x抒情诗@x诗歌研究 |
| 690 | @aI516.072@v5 | |
| 690 | @aI516@v4 | |
| 701 | 0 | @a李惠敏@Ali hui min@4著 |
| 701 | 0 | @a刘国利@Aliu guo li@4著 |
| 701 | 0 | @a赵昉@Azhao fang@4著 |
| 801 | 0 | @aCN@b91MARC@c20211103 |
| 905 | @aZUCC@dI516@e153 | |
| 歌德抒情诗文本研读/李惠敏,刘国利,赵昉著.-北京:九州出版社,2020 |
| 168页;24cm |
| ISBN 978-7-5108-9208-0:CNY48.00 |
| 本书以欧洲文学的发展轨迹为基本思路,结合歌德的“泛神论”哲学思想和其在“狂飙突进运动”中的文学主张,以德国“古典文学”创作理念与审美为基本线索,对歌德在不同时期创作的抒情诗歌进行了较为细致的研读与分析。在继承和汲取前人研究成果的基础上,注意将作者的创作动机和文本相结合,努力走出一条既注重作者个人生活经历,也看重理论及思想体系的研究之路。 |
| ● |
| 相关链接 |
|
|
|
正题名:歌德抒情诗文本研读
索取号:I516/153
 
预约/预借
| 序号 | 登录号 | 条形码 | 馆藏地/架位号 | 状态 | 备注 |
| 1 | 2001006628 | 2001006628 | 第四书库/四37架A面3层4列/ [索取号:I516/153] | 在馆 | |
| 2 | 2001006629 | 2001006629 | 第四书库/四37架A面3层4列/ [索取号:I516/153] | 在馆 | |
| 3 | 2001006630 | 2001006630 | 第四书库/四37架A面3层4列/ [索取号:I516/153] | 在馆 | |
| 4 | 2001006631 | 2001006631 | 第四书库/四37架A面3层4列/ [索取号:I516/153] | 在馆 | |
| 5 | 2001006632 | 2001006632 | 第四书库/四37架A面3层4列/ [索取号:I516/153] | 在馆 | |
| 6 | 2001006633 | 2001006633 | 第四书库/四37架A面3层4列/ [索取号:I516/153] | 在馆 |